| 000 | 00516nam a2200229Ia 4500 | ||
|---|---|---|---|
| 999 |
_c100377 _d100377 |
||
| 003 | 0100 | ||
| 005 | 20170808114429.0 | ||
| 008 | 130307s9999 xx 000 0 und d | ||
| 020 | _a1868532453 | ||
| 040 | _cARRUPELIB | ||
| 050 | _aLB1051.M837 1995 | ||
| 100 |
_aMwamwenda, Tuntufye S _934623 |
||
| 245 | _aEducational psychology | ||
| 245 | _ban African perspective | ||
| 250 | _a2nd (ed.) | ||
| 260 | _aDurban | ||
| 260 | _bButterworths | ||
| 260 | _c1995 | ||
| 300 | _a564p. | ||
| 300 | _b24cm. | ||
| 650 |
_aEducational Psychology _917222 |
||
| 942 | 0 | 0 |
_06 _2lcc _cMONOGRAPH |